[Event "Drammen CC-ch Class1"]
[Site "Drammen"]
[Date "2011.01.26"]
[Round "3"]
[White "Stillum, Erik"]
[Black "Roholdt, Njaal"]
[Result "1/2-1/2"]
[WhiteElo "1559"]
[BlackElo "1382"]
[PlyCount "46"]
[EventDate "2011.01.11"]
[EventType "swiss"]
[EventRounds "9"]
[EventCountry "NOR"]
[SourceTitle "EXT 2024"]
[Source "ChessBase"]
[SourceDate "2023.10.10"]
[SourceVersion "1"]
[SourceVersionDate "2023.10.10"]
[SourceQuality "1"]

1. c4 c5 2. g3 Nf6 3. Bg2 g6 4. Nc3 Bg7 5. Nf3 0-0 6. 0-0 Nc6 7. a3 d5 8. cxd5 Nxd5 9. Nxd5 Qxd5 10. d3 Qh5 11. Qc2 Bg4 12. Be3 b6 13. Rab1 Rac8 14. Qa4 a5 15. Qb5 Ne5 16. Qxb6 Nxf3+ 17. Bxf3 Bxf3 18. exf3 Qxf3 19. Qxa5 h5 20. Bxc5 h4 21. gxh4 Qg4+ 22. Kh1 Qf3+ 23. Kg1 Qg4+ 1/2-1/2

[Event "Drammen Autumn"]
[Site "Drammen"]
[Date "2010.11.09"]
[Round "7"]
[White "Brokke, Otto"]
[Black "Stillum, Erik"]
[Result "1-0"]
[WhiteElo "1386"]
[BlackElo "1574"]
[PlyCount "51"]
[EventDate "2010.09.07"]
[EventType "swiss"]
[EventRounds "9"]
[EventCountry "NOR"]
[SourceTitle "EXT 2024"]
[Source "ChessBase"]
[SourceDate "2023.10.10"]
[SourceVersion "1"]
[SourceVersionDate "2023.10.10"]
[SourceQuality "1"]

1. e4 e6 2. d4 d5 3. Nc3 dxe4 4. Nxe4 Nd7 5. Nf3 Ngf6 6. Bd3 Nxe4 7. Bxe4 Nf6 8. Bg5 h6 9. Bxf6 Qxf6 10. 0-0 Bd6 11. c4 0-0 12. c5 Be7 13. Qd2 Rd8 14. Qe3 Rb8 15. Rfe1 Bd7 16. Rad1 Bb5 17. d5 exd5 18. Rxd5 Rxd5 19. Bxd5 Bf8 20. Qb3 c6 21. Be4 Bxc5 22. Bb1 Rd8 23. Qc2 Bxf2+ 24. Kxf2 Bd3 25. Qc1 Ba6 26. b3 1-0

[Event "Drammen Autumn"]
[Site "Drammen"]
[Date "2009.11.17"]
[Round "8"]
[White "Olsen, Andrei"]
[Black "Stillum, Erik"]
[Result "0-1"]
[WhiteElo "1628"]
[BlackElo "1557"]
[PlyCount "85"]
[EventDate "2009.09.08"]
[EventType "swiss"]
[EventRounds "9"]
[EventCountry "NOR"]
[SourceTitle "EXT 2024"]
[Source "ChessBase"]
[SourceDate "2023.10.10"]
[SourceVersion "1"]
[SourceVersionDate "2023.10.10"]
[SourceQuality "1"]

1. e4 e6 2. d4 d5 3. e5 b6 4. Nf3 Ne7 5. c3 Qd7 6. Na3 Ba6 7. Bxa6 Nxa6 8. Qd3 Nb8 9. 0-0 c5 10. b3 Nf5 11. g4 Ne7 12. h4 h5 13. gxh5 Rxh5 14. Nc2 Nf5 15. Ne3 Nxh4 16. Nxh4 Rxh4 17. Ng2 Rh8 18. Bf4 Nc6 19. dxc5 Bxc5 20. b4 Be7 21. a4 Qc7 22. Rfe1 Rc8 23. Qb5 Qb7 24. a5 Bd8 25. a6 Qd7 26. Qe2 Ne7 27. Rac1 Rc4 28. Qd3 Qc8 29. Bg3 Nf5 30. Ne3 Nxe3 31. Qxe3 Qxa6 32. Ra1 Qb7 33. Qf3 a5 34. Re3 Qc7 35. bxa5 bxa5 36. Rd3 a4 37. Kg2 Be7 38. Qd1 Qc6 39. Rd4 a3 40. Qb3 Kd7 41. Rxa3 Bxa3 42. Qxa3 Ra8 43. Qc1 0-1

[Event "Drammen Autumn"]
[Site "Drammen"]
[Date "2009.11.10"]
[Round "7"]
[White "Stillum, Erik"]
[Black "Egede Nissen, Bjorn"]
[Result "1-0"]
[WhiteElo "1557"]
[BlackElo "1900"]
[PlyCount "45"]
[EventDate "2009.09.08"]
[EventType "swiss"]
[EventRounds "9"]
[EventCountry "NOR"]
[SourceTitle "EXT 2024"]
[Source "ChessBase"]
[SourceDate "2023.10.10"]
[SourceVersion "1"]
[SourceVersionDate "2023.10.10"]
[SourceQuality "1"]

1. e4 e6 2. d4 d5 3. exd5 exd5 4. c4 dxc4 5. Bxc4 Nf6 6. Nf3 Bg4 7. Bxf7+ Kxf7 8. Ne5+ Kg8 9. Nxg4 Bb4+ 10. Nc3 Nc6 11. 0-0 Nxd4 12. Nxf6+ Qxf6 13. Nd5 Qh4 14. Nxb4 Rd8 15. Be3 Ne6 16. Qb3 Kf7 17. Nd3 b6 18. Ne5+ Kf6 19. Qc3 Kf5 20. g4+ Ke4 21. f3+ Kd5 22. Rad1+ Nd4 23. Bxd4 1-0

[Event "Drammen Autumn"]
[Site "Drammen"]
[Date "2009.09.15"]
[Round "2"]
[White "Roholdt, Njaal"]
[Black "Stillum, Erik"]
[Result "1/2-1/2"]
[WhiteElo "1216"]
[BlackElo "1557"]
[PlyCount "65"]
[EventDate "2009.09.08"]
[EventType "swiss"]
[EventRounds "9"]
[EventCountry "NOR"]
[SourceTitle "EXT 2024"]
[Source "ChessBase"]
[SourceDate "2023.10.10"]
[SourceVersion "1"]
[SourceVersionDate "2023.10.10"]
[SourceQuality "1"]

1. e4 d5 2. exd5 Qxd5 3. Nf3 Nf6 4. Nc3 Qd6 5. d4 a6 6. Bc4 b5 7. Bb3 Bb7 8. 0-0 e6 9. Ne5 Be7 10. Bf4 Qb6 11. a4 b4 12. a5 Qa7 13. Na4 0-0 14. Nc4 Nd5 15. Bg3 Nd7 16. Qg4 c5 17. dxc5 N5f6 18. Qd1 Nxc5 19. Nxc5 Qxc5 20. Ne5 Rfd8 21. Qe2 Nd7 22. Nd3 Qc6 23. f3 Qb5 24. Ba4 Qc4 25. Bb3 Qd4+ 26. Bf2 Qf6 27. Bg3 Nc5 28. Be5 Qh6 29. Bf4 g5 30. Nxc5 Bxc5+ 31. Be3 Bxe3+ 32. Qxe3 Qf6 33. c3 1/2-1/2